000 00858nam a22002657a 4500
001 BR9500362
003 BR-BrBNA
005 20230928094423.0
007 ta
008 230509b bl.||||| |||| 00| 0 por d
040 _aBR-BrBNA
_bpor
_cBiblioteca Nacional de Agricultura
041 _a(Por)
072 _aD50; E71
_b2760
090 _ 2760 BR9500362
110 1 _aServico de Informacao Agricola, Rio de Janeiro, GB (Brasil)
245 1 _aDecreto no. 28.152 de 24 de maio de 1950. Aprova novas especificacoes e tabela para classificacao e fiscalizacao da exportacao do tabaco em folha do Estado do Rio Grande do Sul
260 3 _aRio de Janeiro, GB (Brasil):
_c1950.
300 _a9 p.
650 _aFumo
650 _aLegislacao
650 _aExportacao
650 _aRio Grande do Sul
909 _a202309
_bLucia
_c55
_dLucia Elande
942 _cBK
999 _c50637
_d50637